<?xml version="1.0" encoding="UTF-8"?>
<record
    xmlns:xsi="http://www.w3.org/2001/XMLSchema-instance"
    xsi:schemaLocation="http://www.loc.gov/MARC21/slim http://www.loc.gov/standards/marcxml/schema/MARC21slim.xsd"
    xmlns="http://www.loc.gov/MARC21/slim">

  <leader>01107cam a22002657i 4500</leader>
  <controlfield tag="001">19627477</controlfield>
  <controlfield tag="003">OSt</controlfield>
  <controlfield tag="005">20250625095858.0</controlfield>
  <controlfield tag="008">170509s2016    ne af    b    001 0 eng  </controlfield>
  <datafield tag="020" ind1=" " ind2=" ">
    <subfield code="a">9780128029060 (Hardcover)</subfield>
    <subfield code="c">USD 199.00</subfield>
  </datafield>
  <datafield tag="040" ind1=" " ind2=" ">
    <subfield code="a">NLM</subfield>
    <subfield code="b">eng</subfield>
    <subfield code="c">NUST</subfield>
    <subfield code="e">rda</subfield>
    <subfield code="d">NUST</subfield>
  </datafield>
  <datafield tag="050" ind1="0" ind2="0">
    <subfield code="a">QC291.C18 MET</subfield>
  </datafield>
  <datafield tag="245" ind1="1" ind2="0">
    <subfield code="a">Methods in enzymology calorimetry volume 567 /</subfield>
    <subfield code="c">edited by Andrew L. Feig, Department of Chemistry, Wayne State University, Detroit, MI, USA.</subfield>
  </datafield>
  <datafield tag="260" ind1=" " ind2=" ">
    <subfield code="a">Amsterdam:</subfield>
    <subfield code="a">Boston:</subfield>
    <subfield code="a">Heidelberg:</subfield>
    <subfield code="a">London:</subfield>
    <subfield code="a">New York:</subfield>
    <subfield code="a">Oxford:</subfield>
    <subfield code="a">Paris:</subfield>
    <subfield code="a">San Diego</subfield>
    <subfield code="a">San Francisco:</subfield>
    <subfield code="a">Singapore:</subfield>
    <subfield code="a">Sydney:</subfield>
    <subfield code="a">Tokyo:</subfield>
    <subfield code="b">Elsevier</subfield>
    <subfield code="c">&#xA9;2016</subfield>
  </datafield>
  <datafield tag="300" ind1=" " ind2=" ">
    <subfield code="a">xix, 493 pages, 16 unnumbered pages of plates :</subfield>
    <subfield code="b">illustrations (some color) ;</subfield>
    <subfield code="c">24 cm.</subfield>
  </datafield>
  <datafield tag="336" ind1=" " ind2=" ">
    <subfield code="a">text</subfield>
    <subfield code="b">txt</subfield>
    <subfield code="2">rdacontent</subfield>
  </datafield>
  <datafield tag="337" ind1=" " ind2=" ">
    <subfield code="a">unmediated</subfield>
    <subfield code="b">n</subfield>
    <subfield code="2">rdamedia</subfield>
  </datafield>
  <datafield tag="338" ind1=" " ind2=" ">
    <subfield code="a">volume</subfield>
    <subfield code="b">nc</subfield>
    <subfield code="2">rdacarrier</subfield>
  </datafield>
  <datafield tag="504" ind1=" " ind2=" ">
    <subfield code="a">Includes bibliographical references and indexes.</subfield>
  </datafield>
  <datafield tag="650" ind1=" " ind2="0">
    <subfield code="a">Calorimetry.</subfield>
  </datafield>
  <datafield tag="650" ind1="1" ind2="2">
    <subfield code="a">Calorimetry</subfield>
  </datafield>
  <datafield tag="650" ind1=" " ind2="7">
    <subfield code="a">Calorimetry.</subfield>
    <subfield code="2">fast</subfield>
  </datafield>
  <datafield tag="700" ind1="1" ind2=" ">
    <subfield code="a">Feig, Andrew L.</subfield>
    <subfield code="e">Editor.</subfield>
  </datafield>
  <datafield tag="942" ind1=" " ind2=" ">
    <subfield code="2">lcc</subfield>
    <subfield code="n">0</subfield>
    <subfield code="c">BOOKS</subfield>
    <subfield code="h">QC291.C18 MET</subfield>
    <subfield code="k">QC</subfield>
    <subfield code="m">MET</subfield>
  </datafield>
  <datafield tag="999" ind1=" " ind2=" ">
    <subfield code="c">172085</subfield>
    <subfield code="d">172085</subfield>
  </datafield>
  <datafield tag="952" ind1=" " ind2=" ">
    <subfield code="0">0</subfield>
    <subfield code="1">0</subfield>
    <subfield code="2">LCC</subfield>
    <subfield code="4">0</subfield>
    <subfield code="7">0</subfield>
    <subfield code="8">NFIC</subfield>
    <subfield code="a">MAIN</subfield>
    <subfield code="b">MAIN</subfield>
    <subfield code="c">GEN</subfield>
    <subfield code="d">2025-06-25</subfield>
    <subfield code="e">Book Aid International</subfield>
    <subfield code="g">199.00</subfield>
    <subfield code="l">0</subfield>
    <subfield code="o">QC291.C18 MET</subfield>
    <subfield code="p">92004053038</subfield>
    <subfield code="r">2025-06-25 09:53:16</subfield>
    <subfield code="t">59827</subfield>
    <subfield code="v">199.00</subfield>
    <subfield code="w">2025-06-25</subfield>
    <subfield code="y">BOOKS</subfield>
    <subfield code="z">Donation</subfield>
  </datafield>
</record>
